000 00673nam a2200205Ii 4500
003 JO-AjNU
008 230605s9999||||xx |||||||||||||| ||und||
040 _aJO-AjNU
_bara
_erda
_cJO-AjNU
041 _aara
050 1 4 _aLB1051.Z68 2005
100 3 _aالزغول،عماد عبد الرحيم,
_eauthor
_921824
245 0 0 _aمبادئ علم النفس التربوي
250 _aط5 مزيدة ومنقحة
264 3 1 _aالعين:دار الكتاب الجامعي،2005
300 _a352ص
336 _atext
_btxt
_2rdacontent
337 _aunmediated
_bn
_2rdamedia
338 _avolume
_bnc
_2rdacarrier
650 4 _a علم النفس التربوي
_921825
999 _aA7647
_c11215
_d11215